000 03601nam a2201141 i 4500
001 nkc20253672655
003 CZ PrSKC
005 20260428174210.0
007 ta
008 250213s2025 xr acf e 000 0acze
015 _acnb003672655
020 _a9788088445296
_q(vázáno)
040 _aBOA001
_bcze
_dABA100
_erda
043 _ae-xr---
045 _ax-y-
072 7 _a32
_xPolitika
_2Konspekt
072 7 _a929
_xBiografie
_2Konspekt
080 _a32-055.2
_2MRF
080 _a[341.171:328.13+342.51](4)-055.2
_2MRF
080 _a929
_2MRF
080 _a(437.3)
_2MRF
080 _a(047.53)
_2MRF
100 1 _aJourová, Věra,
_d1964-
_4aut
245 1 0 _aBohové, mlíkař a já /
_cVěra Jourová, Viktor Daněk
250 _aVydání první
264 1 _aPraha :
_bZeď,
_c2025
300 _a269 stran, 16 nečíslovaných stran obrazových příloh :
_bilustrace (převážně barevné), portréty ;
_c22 cm
336 _atext
_btxt
_2rdacontent
337 _abez média
_bn
_2rdamedia
338 _asvazek
_bnc
_2rdacarrier
520 2 _aČeská politička a bývalá evropská komisařka zachycuje zlomové momenty svého osobního života a politické kariéry; důležitou pozonost věnuje svému působení v Evropské komisi v letech 2014-2024.
_bUpřímná a otevřená zpověď silné a odvážné ženy o cestě ze samého dna až na ten nejvyšší vrchol. Věra Jourová vypráví o neuvěřitelných životních zvratech. Jak dokázala překonat chvíle, kdy jí bylo nejhůř a myslela si, že už nemůže dál? Proč se dala dohromady s Andrejem Babišem a jak se jejich cesty zase rozešly? V knize rozplétá zákulisí vysoké politiky i spletitosti Evropské unie, popisuje svá setkání s nejslavnějšími lidmi světa. Nakladatelská anotace. Kráceno.
600 1 7 _aJourová, Věra,
_d1964-
_2czenas
648 7 _a20.-21. století
_2czenas
648 7 _a21. století
_2czenas
650 0 7 _apolitičky
_zČesko
_y20.-21. století
_2czenas
650 0 7 _aeurokomisařky
_zČesko
_y21. století
_2czenas
650 0 9 _awomen politicians
_zCzechia
_y20th-21st centuries
_2eczenas
650 0 9 _awomen European commissioners
_zCzechia
_y21st century
_2eczenas
655 7 _arozhovory
_2czenas
655 9 _ainterviews
_2eczenas
700 1 _aDaněk, Viktor,
_d1989-
_4aut
900 _b18
910 _aABA010
910 _aABE031
910 _aABE301
910 _aABG001
910 _aBNG001
910 _aBNG501
910 _aBOA001
910 _aBOD031
910 _aBOG001
910 _aCBA001
910 _aCRG001
910 _aCVG001
910 _aCVG504
910 _aDCG302
910 _aFMG002
910 _aFMG502
910 _aHBG001
910 _aHKA001
910 _aHOG504
910 _aJHG001
910 _aJHG503
910 _aKAG503
910 _aKAG505
910 _aKHG001
910 _aKLG001
910 _aKLG002
910 _aKTG001
910 _aKVG001
910 _aLIA001
910 _aLTG001
910 _aMEG502
910 _aMOG001
910 _aMOG501
910 _aOLD012
910 _aOLG001
910 _aOPG001
910 _aOSA001
910 _aPAG001
910 _aPBG001
910 _aPEG001
910 _aPNA001
910 _aPNG001
910 _aPRG001
910 _aPRG501
910 _aPVG001
910 _aROG001
910 _aSVG001
910 _aTPG001
910 _aTRG001
910 _aTUG001
910 _aUHG001
910 _aULG001
910 _aZLG001
910 _aZNG001
942 _2ddc
_cKNIHA
_n0
999 _c1887
_d1887